Online Catalogue and eLibrary

Writing Religion Locating Women (Record no. 5823)

MARC details
000 -LEADER
fixed length control field 00504nam a2200193Ia 4500
005 - DATE AND TIME OF LATEST TRANSACTION
control field 20240613013542.0
008 - FIXED-LENGTH DATA ELEMENTS--GENERAL INFORMATION
fixed length control field 240331s9999 xx 000 0 und d
020 ## - INTERNATIONAL STANDARD BOOK NUMBER
ISBN 9789559261599
082 ## - DDC Classification
Item Number - Author Mark THI
DDC Edition Number WRI
Class No. 200
100 ## - MAIN ENTRY--PERSONAL NAME
Personal name Thiruchandran, selvy
245 #0 - TITLE STATEMENT
Title Writing Religion Locating Women
Statement of responsibility, etc. Selvy, Thiruchandran
260 ## - PUBLICATION, DISTRIBUTION, ETC.
Place of publication, distribution, etc. Colombo
Name of publisher, distributor, etc. Social Scientist Association
Date of publication, distribution, etc. 2012
300 ## - PHYSICAL DESCRIPTION
Extent (e.g. Volumes, Pages etc.) xxi, 320 p .,
650 ## - SUBJECT ADDED ENTRY--TOPICAL TERM
Topical term or geographic name entry element Women
650 ## - SUBJECT ADDED ENTRY--TOPICAL TERM
Topical term or geographic name entry element Religion
650 ## - SUBJECT ADDED ENTRY--TOPICAL TERM
Topical term or geographic name entry element Laws
650 ## - SUBJECT ADDED ENTRY--TOPICAL TERM
Topical term or geographic name entry element Economic
942 ## - Koha item type (Biblio)
Koha item type Books in Stacks (Lending)
Holdings
Lost status Damaged status Collection code Home library Current library Shelving location Date acquired Full call number Accession Number Item type
    Lending WERC Library WERC Library Social Science Cupboard 03/31/2024 200 THI 6816 Books in Stacks (Lending)

© WERC Library